00591nam a2200145 a 4500090001600000041000800016100003000024245022100054260002500275300001100300650004200311650003700353650004000390999001500430 aIAVHb01370 aspa aTorres N., Andrés92806 aEvaluación de la viabilidad para comercializar frutas amazónicas y sus productos en mercados de Bogotá y Neiva en canales de comercialización específicos y diseño de estrategias para el ingreso al mercado aBogotábIAVHc2004 a144 p. aComercialización de productos96152 aEstrategias de biocomercio95213 aCanales de comercialización92459 c7089d7089